000 00700nam a2200265Ia 4500
001 41598
005 20240114003428.0
007 ta
008 080410s2006 g b000 u u
040 _aCotton College,Assam
082 _a891.492 B
_bBr 168 Mi
100 _aBrahma, Kamal Kumar .
245 0 _aMingmangni Shimang /
_cKamal Kumar Brahma.
_hTextual Documents
250 _aIst ed /
260 _aGuwahati :
_bN.L.Publications ,
_c2006.
300 _a99pg ;
_c21cm.
500 _aIssued to the Deptt(Bodo) Acc No 89824
653 _aBodo Drama
653 _aG-Bodo
942 _2ddc
_cBK
999 _c41565
_d41565